000 00485nam a2200181 a 4500
001 5510
003 CO-ViMGA
008 141112s2004 ck r 000 u spa d
020 _a9586350452
040 _aCO-ViMGA
_bspa
_cCO-ViMGA
082 0 4 _a342.06 P351de
100 1 _aPenagos Vargas, Gustavo
_93813
245 1 0 _aDerecho administrativo
260 _aSantafé de Bogotá :
_bLibrería del Profesional,
_c1995
300 _a2 v
650 1 4 _aDERECHO ADMINISTRATIVO
942 _2ddc
_cBK
999 _c17495
_d17495